Представление документа в формате RUSMARC

ПолеНазваниеЗначение
  Тип записи a
  Библиографический уровень m
001 Контрольный номер c74dd677adca48fb858cc67a50eeeb96
005 Дата корректировки 20230707133311.1
010 Индекс ISBN __
a ISBN 978-5-04-101015-7
d Цена 498-96
100 Данные общей обработки __
a Данные общей обработки 20200124d2019####m##y0rusy50######ca
101 Язык документа 0_
a Язык текста rus
102 Страна публикации __
a Страна публикации RU
200 Заглавие и сведения об ответственности 1_
a Заглавие Пекло
f Первые сведения об ответственности Джеймс Роллинс
210 Выходные данные 1_
a Место издания Москва
c Издательство Эксмо
d Дата издания 2019
215 Физическое описание __
a Объем 460, [2] с.
225 Серия (Журнальная рубрика) 2_
a Серия (Журнальная рубрика) Книга-загадка, книга-бестселлер
333 Примечание о целевом назначении __
a Примечание о целевом назначении 16+
606 Тематические рубрики __
a Основная рубрика Художественная литература
606 Тематические рубрики __
a Основная рубрика Литература Америки (произведения)
610 Ключевые слова 0_
a Ключевые слова американская литература
a Ключевые слова детективы
a Ключевые слова романы
686 Индексы других классификаций __
a Индекс ББК 84(7Сое)6-4
700 Автор _1
a Фамилия Роллинс
b Имя Д.
c Титул (звания) американский писатель
g Полное личное имя Джеймс
f Даты 1961-
790 Имя лица - альтернативная форма _1
b Имя Д.
c Титул (звания) американская литература
g Полное личное имя Джеймс
a Имя лица - альтернативная форма Клеменс
801 Источник записи _0
a Страна RU
b Организация Центральная районная библиотека им. Г. А. Пирожникова
g Правила каталогизации PSBO
c Дата составления 20200124
801 Источник записи _1
a Страна RU
b Организация Центральная районная библиотека им. Г. А. Пирожникова
c Дата составления 20200124
852 Данные о местонахождении __
j Шифр хранения 84(7Сое)6
i Авторский знак Р 673
901 Тип документа __
t Тип документа m
902 Роль лиц __
a Создатель БЗ ОКиО/Шумских